000
00321nam a2200133Ia 4500
005
20251222155154.0
008
251222s9999||||xx |||||||||||||| ||spa||
082
_a
EBA.112
100
_a
Jamieson E.
245
0
_a
Procedimientos de enfermerĂa clĂnica
250
_a
5ta. ed.
264
_b
El Sevier Mosby
942
_c
LIB
999
_c
39673
_d
39673